000 03707cam a22012614i 4500
003 PE-LiUPU
005 20250813185434.0
008 191028s2018 pe a rb 000 0 spa d
020 _a612451124X
020 _a9786124511240
035 _a(Sirsi) a252643
040 _aPE-LiUPU
_bspa
_cPE-LiUPU
_erda
049 _aPRUA
082 0 4 _a370.78
_bE92
_223
100 1 _aEsteban Rivera, Edwin Roger,
_eautor.
245 1 0 _aInvestigación-Acción pedagógica :
_btransformación de la práctica docente /
_cEdwin Roger Esteban Rivera, [y otros tres].
264 1 _aHuánuco :
_bUniversidad Nacional Hermilio Valdizán,
_c2018.
300 _a150 páginas :
_bilustraciones ;
_c24 centímetros
336 _atext
_2rdacontent
337 _aunmediated
_2rdamedia
338 _avolume
_2rdacarrier
504 _aBibliografía al final de cada capítulo.
505 0 _aDeconstrucción de la practica pedagógica -- Mi mejor maestra -- Proceso de deconstrucción de la practica pedagógica -- Reconstrucción de la practica pedagógica -- Bolígrafo rojo -- Marco metodológico -- ¿Cómo nace un paradigma? -- Evaluación de la practica pedagógica reconstruida -- 10 Lecciones aprendidas en mi primer año dando clases.
526 _aP202
526 _aP201
526 _aP163
526 _aP162
526 _aP161
526 _aP160
526 _aP148
526 _aP147
526 _aP146
526 _aP145
526 _aP144
526 _aP143
526 _aP142
526 _aP141
526 _aP140
526 _aP139
526 _aP138
526 _aP137
526 _aP136
526 _aP135
526 _aP134
526 _aP133
526 _aP129
526 _aP128
526 _aP127
526 _aP120
526 _aP119
526 _aP118
526 _aP116
526 _aP115
526 _aP114
526 _aP110
526 _aP109
526 _aP108
526 _aP104
526 _aP103
526 _aP102
526 _aP99
526 _aP98
526 _aP97
526 _aP96
526 _aP95
526 _aP93
526 _aP90
526 _aP89
526 _aP88
526 _aP83
526 _aP82
526 _aP62
526 _aP59
526 _aP58
526 _aP57
526 _aP51
526 _aP49
526 _aP48
526 _aP47
526 _aP29
526 _aP24
526 _aP20
526 _aP19
526 _aP17
526 _aP15
526 _aP14
526 _aP12
526 _aP10
526 _aP09
526 _aP08
526 _aP07
526 _aP06
526 _aP05
526 _aP04
526 _aP01
541 _g002-00001663;
541 _g004-000262;
650 0 7 _aPedagogía
_xInvestigación
_xMetodología
_zPerú.
_2lemb.
650 0 4 _aEducación
_xPráctica profesional.
650 0 4 _aInvestigación activa en educación.
910 _adbm
_bksl
_cksl
_d20191028
910 _adbm
_bncf
_cncf
_d20191105
942 _2ddc
_cBOOK
994 _aC0
_bPEPRU
596 _a1
999 _a370.78 E92
_wDEWEY
_c31873
_i80868
_f2021-11-8
_g4
_lCCODEBUL1
_mBUL
_p13.13
_r0
_sY
_tBOOK
_u2019-10-28
_xEDUCACION
_zTO-MENCIÓN
_0COMPRA
_1FCOMPR4
_o.STAFF. Colección Ciencias Humanas y Educación
_d31873
999 _a370.78 E92
_wDEWEY
_c2
_i80812
_f2021-11-8
_g3
_lCCODEBUL1
_mBUL
_p12.75
_r0
_sY
_tBOOK
_u2019-11-5
_xEDUCACION
_zTO-MENCIÓN
_0COMPRA
_1FCOMPR4
_o.STAFF. Colección Ciencias Humanas y Educación
980 _81
_gALBERTO SANCHEZ Responsable de Automatización